000 nam a22 7a 4500
999 _c9110
_d9110
008 180123b ||||| |||| 00| 0 eng d
100 _aTrend Setters
_95390
245 _aIT Which Kids
260 _aNew Delhi
_bNavdeep Publication
_c2009